オフィス・オートメーションへの対応とマーケティング戦略の展開

Gardado en:
Detalles Bibliográficos
Autor Corporativo: 電気通信総合研究所
Formato: Libro
Idioma:Undetermined
Publicado: 東京 電気通信総合研究所 1981
Những chủ đề:
Các nhãn: Engadir etiqueta
Sen Etiquetas, Sexa o primeiro en etiquetar este rexistro!
Thư viện lưu trữ: Trung tâm Học liệu Trường Đại học Cần Thơ
LEADER 00576nam a2200181Ia 4500
001 CTU_80724
008 210402s9999 xx 000 0 und d
082 |a 629.892 
082 |b D391 
110 |a 電気通信総合研究所 
245 0 |a オフィス・オートメーションへの対応とマーケティング戦略の展開 
245 0 |c 電気通信総合研究所 
260 |a 東京 
260 |b 電気通信総合研究所 
260 |c 1981 
650 |a Automatic Control 
904 |i Ngoc,Hải 
980 |a Trung tâm Học liệu Trường Đại học Cần Thơ